000 00434nam a2200181Ia 4500
005 20240823025004.0
008 240823s9999||||xx |||||||||||||| ||und||
041 _aENGLISH
082 _A380.1 P7
100 _aSangeetha K Ed.
245 0 _aMarketing Paradigms
250 _a1
260 _c2007
_bThe ICFAI University
_aHyderabad
500 _aYES
650 _aMarkting
_bManagement Studies
942 _cBK
999 _c185231
_d185231